| 000 | 00877nam a2200277 a 4500 | ||
|---|---|---|---|
| 001 | 4019742 | ||
| 003 | OSt | ||
| 005 | 20240415122936.0 | ||
| 008 | 971020s1998 maua b 001 0 eng | ||
| 010 | _a 97073170 | ||
| 020 | _a0070487723 | ||
| 040 |
_aDLC _cDLC |
||
| 050 | 0 | 0 |
_aBF713 _b.P35 1998 |
| 082 | 0 | 0 |
_aQS604 P542h 1998 _221 |
| 100 | 1 |
_aPapalia, Diane E.; Olds, Sally Wendkos; Duskin, Feldman Ruth _95210 |
|
| 245 | 1 | 0 | _aHuman Development |
| 250 | _a7th ed. | ||
| 260 |
_aBoston, Mass. : _bMcGraw-Hill, _cc1998. |
||
| 300 |
_axxx, 752 p. : _bill. (some col.) ; _c29 cm. |
||
| 504 | _aIncludes bibliographical references (p. 657-722) and indexes. | ||
| 650 | 0 |
_aEmbyology. _95118 |
|
| 650 | 0 |
_aHuman development _95211 |
|
| 906 |
_a7 _bcbc _corignew _d3 _eopcn _f19 _gy-gencatlg |
||
| 942 |
_2z _cSLOAN |
||
| 999 |
_c1995 _d1995 |
||